[Event "Sao Paulo Carnaval op"]
[Site "Sao Paulo"]
[Date "2025.03.02"]
[Round "3"]
[White "Nobre, Jose Adalberto Barb"]
[Black "Da Silva, Matheus Pelegrino"]
[Result "0-1"]
[WhiteElo "1630"]
[BlackElo "1764"]
[PlyCount "29"]
[EventDate "2025.03.01"]
[EventType "swiss (rapid)"]
[EventRounds "6"]
[EventCountry "BRA"]
[SourceTitle "CB10_2025"]
[SourceDate "2025.03.05"]
[SourceVersion "1"]
[SourceVersionDate "2025.03.05"]
[SourceQuality "1"]

1. e4 d5 2. exd5 Qxd5 3. Nc3 Qd8 4. Bc4 Nf6 5. h3 Bf5 6. Nf3 e6 7. 0-0 a6 8. d4 c6 9. Re1 Be7 10. Bb3 Nd5 11. a3 Nxc3 12. bxc3 Nd7 13. Qe2 0-0 14. Bf4 Qa5 15. Nh4 0-1